000 00601nam a22002177a 4500
003 UA-OsUOA
001 46368
007 ta
008 20070614b un ||||| |||| 00| 0 ukr d
100 _aШафиков С.Г.
090 _a81
_bШ-11
942 _cSA
040 _aUA-OsUOA
_brus
_cUA-OsUOA
_dUA-OsUOA
245 _aКатегории и концепты в лингвистике
300 _aС.3-18
955 _a0
041 _arus
080 _a81
773 0 _w46367
650 7 _a8 Мовознавство. Художня література. Літературознавство
_2UDC
999 _c332461
_d332461